| 000 | 01032cam a2200337 i 4500 | ||
|---|---|---|---|
| 001 | 160297 | ||
| 003 | TR-AnTOB | ||
| 005 | 20240515161116.0 | ||
| 007 | ta | ||
| 008 | 080416n tu a 000 0 tur d | ||
| 040 |
_aTR-AnTOB _beng _erda _cTR-AnTOB |
||
| 041 | 0 | _atur | |
| 050 | 1 | 4 |
_aDS51.A2 _bC86 |
| 090 |
_aDS51.A2 _bC86 |
||
| 099 | _aADN ATO CUMY CUMh | ||
| 245 | 0 | 0 | _aCumhuriyetin 80. Yılında Adana. |
| 264 | 1 |
_aAdana : _bAdana Ticaret Odası, _c[date of publication not identified] |
|
| 300 |
_a60 pages ; _billustrations ; _c23 cm |
||
| 336 |
_2rdacontent _atext _btxt |
||
| 337 |
_2rdamedia _aunmediated _bn |
||
| 338 |
_2rdacarrier _avolume _bnc |
||
| 504 | _aIncludes bibliographical references. | ||
| 651 | 0 |
_aAdana ili (Türkiye) _xEkonomik durum _9100209 |
|
| 651 | 0 |
_aAdana ili (Türkiye) _xSosyal durum _966665 |
|
| 710 |
_aAdana Ticaret Odası _981988 |
||
| 902 | _aT000712 | ||
| 903 | _aTOBB Özel Koleksiyonu | ||
| 942 |
_2lcc _cBK |
||
| 945 | _aMÇ, BS 16.04.2008 | ||
| 999 |
_c160297 _d26544 |
||